000 nam a22 7a 4500
999 _c44792
_d44792
003 OSt
005 20190307105348.0
008 190307b xxu||||| |||| 00| 0 eng d
040 _cIIMT COLLEGE OF POLYTECHNIC
100 _aAGRAWAL, ANSHUL
245 _aBASICS OF MECHANICAL AND ELECTRICAL ENGINEERING
260 _aMUZAFFARNAGAR
_bASIAN DISTRIBUTORS
_c2019
300 _a604
942 _2ddc
_c02